zpět

Detail výsledku týmu

U Dvou dobráků PO, Opava

Datum a čas kvízu

28 Celkem bodů Celkový počet nahraných bodů na tomto kvízu bez doplňovacích otázek.
4. Pořadí na kvízu Konečné umístění týmu na tomto kvízu.

Zaznamenané odpovědi

# Otázka Odpověď Body Výsledky
1. Novým místopředsedou sněmovny... Aleš Juchelka 1
2. Minulý týden jsme se dozvěděli... A) elektrokol 0
3. Minulý týden jsme se dozvěděli... Tereza Pergnerová 0
4. V pondělí jsme se dozvěděli o... Dagmar Havlová 0
5. Z pondělí na úterý se konalo f... Florida Panthers, Edmonton Oilers 0
6. Dobytek se tradičně rozděloval... brav 0
7. Jak se jmenuje zobrazené asijs... kašmírská koza 0
8. Které z následujících tvrzení... B 1
9. Ještě do zhruba 13. století se... zebu 1
10. Zvířata, která mají vlnu, vylu... lanolin 0